[Event "Sotra op"]
[Site "Sotra"]
[Date "2001.10.11"]
[Round "5"]
[White "Sandset, Svein"]
[Black "Glesnes, Ivar Magne"]
[Result "1-0"]
[WhiteElo "1145"]
[BlackElo "618"]
[PlyCount "45"]
[EventDate "2001.09.??"]
[EventType "swiss"]
[EventRounds "9"]
[EventCountry "NOR"]
[SourceTitle "EXT 2005"]
[Source "ChessBase"]
[SourceDate "2004.11.15"]
[SourceVersion "1"]
[SourceVersionDate "2004.11.15"]
[SourceQuality "1"]

1. d4 d5 2. Nf3 Nf6 3. Bg5 Bg4 4. e3 a6 5. Bd3 e6 6. Nbd2 Bb4 7. c3 Be7 8. 0-0 Nc6 9. Re1 0-0 10. Rc1 b5 11. Bb1 Na5 12. h3 Bh5 13. Qc2 g6 14. Ne5 Nc4 15. Nc6 Qd7 16. Nxe7+ Qxe7 17. e4 h6 18. Bxh6 Rfd8 19. Bg5 e5 20. exd5 Rxd5 21. Ne4 Kf8 22. Nxf6 Kg7 23. Nxh5+ 1-0